ბათუმის შოთა რუსთაველის სახელმწიფო უნივერსიტეტის ბიბლიოთეკა

ქართული მატერიალური კულტურის ისტორიიდან : (ბიბ.ჩანაწერი № 38064)

000 -ლიდერი
ფიქსირებული სიგრძის საკონტროლო ველი 01056nam a2200229Ia 4500
001 - საკონტროლო ნომერი
საკონტროლო ველი 4050
003 - საკონტროლო ნომრის იდენტიფიკატორი
საკონტროლო ველი GE_BSU
005 - ბოლო ოპერაციის თარიღი და დრო
საკონტროლო ველი 20190923112856.0
008 - ფიქსირებული სიგრძის მონაცემთა ელემენტები - ზოგადი ინფორმაცია
ფიქსირებული სიგრძის საკონტროლო ველი 181216s1974||||ge |||||||||||||| ||geo||
040 ## - კატალოგიზაციის წყარო
Transcribing agency GE_BSU
041 ## - ენის კოდი
Language code of text/sound track or separate title geo
080 ## - უნივერსალური ათობითი კლასიფიკაციის ინდექსი
Universal Decimal Classification number 39(479.223) დ-15
100 ## - მთავარი ჩანაწერი - პიროვნების სახელი
Personal name დავითაძე, ალ.
9 (RLIN) 4215
245 ## - ცნობა სათაურის შესახებ
Title ქართული მატერიალური კულტურის ისტორიიდან :
Remainder of title ხის დამუშავება და გამოყენება აჭარის ეთნოგრაფიული მასალების მიხედვით /
Statement of responsibility, etc ალექსანდრე დავითაძე.
264 ## - წარმოების, გამოცემის, დისტრიბუციის და სხვა ცნობები
გამოცემის, წარმოების, დისტრიბუციის... ადგილი თბ. :
გამოცემის, წარმოების, დისტრიბუციის... სახელწოდება საბჭ. აჭარა,
გამოცემის, წარმოების, დისტრიბუციის... თარიღი 1974.
300 ## - ფიზიკური აღწერა
Extent 95 გვ.:
Other physical details ტაბ. ;
Dimensions 22 სმ.
520 ## - SUMMARY, ETC.
Summary, etc რეზ. რუს. ენ..
653 ## - INDEX TERM--UNCONTROLLED
Uncontrolled term ხის დამუშავება აჭარაში;
653 ## - INDEX TERM--UNCONTROLLED
Uncontrolled term აჭარლების ეთნოგრაფია.
942 ## - ADDED ENTRY ELEMENTS (KOHA)
Koha item type წიგნი
Source of classification or shelving scheme
ეგზემპლარები
ჩამოწერის სტატუსი დაკარგული ეგზემპლარის სტატუსი კლასიფიკაციის წყარო ან თაროზე გაწყობის სქემა დაზიანების სტატუსი არ გაიცემა მუდმივი მდებარეობა (დაცვის ადგილი) ამჟამინდელი ადგილსამყოფელი თაროზე განთავსების ადგილი შეძენის თარიღი ღირებულება, შესყიდვის ნორმალური ფასი სრული შენახვის შიფრი შტრიხკოდი ბოლო ოპერაციის თარიღი ეგზემპლარის მიმდევრობითი ნომერი (კეტერი?) ფასის ძალაში შესვლის თარიღი ეგზემპლარის სახეობა საჯარო შენიშვნა
          ბათუმის შოთა რუსთაველის სახელმწიფო უნივერსიტეტის მთავარი ბიბლიოთეკა ბათუმის შოთა რუსთაველის სახელმწიფო უნივერსიტეტის მთავარი ბიბლიოთეკა წიგნსაცავი 2018-12-17 2.00 39(479.223) დ-15 5740 2018-12-17 5740 2018-12-17 წიგნი 2 ლ.
          ბათუმის შოთა რუსთაველის სახელმწიფო უნივერსიტეტის მთავარი ბიბლიოთეკა ბათუმის შოთა რუსთაველის სახელმწიფო უნივერსიტეტის მთავარი ბიბლიოთეკა წიგნის კალათა 2018-12-17 2.00 39(479.223) დ-15 5741 2018-12-17 5741 2018-12-17 წიგნი 2 ლ.